Tổng Bí thư Hà Huy Tập : Cuộc đời và sự nghiệp
Giới thiệu tiểu sử, sự nghiệp hoạt động cách mạng của tổng bí thư Hà Huy Tập qua những giai đoạn: 1906-1928, 1929-1936, 1936-1938 và từ lúc bị giam cầm đến hành quyết 1938-1941.
Αποθηκεύτηκε σε:
| Κύριος συγγραφέας: | |
|---|---|
| Μορφή: | Βιβλίο |
| Γλώσσα: | Undetermined |
| Έκδοση: |
Hà Nội
Chính trị Quốc gia
2005
|
| Θέματα: | |
| Ετικέτες: |
Προσθήκη ετικέτας
Δεν υπάρχουν, Καταχωρήστε ετικέτα πρώτοι!
|
| Thư viện lưu trữ: | Trung tâm Học liệu Trường Đại học Cần Thơ |
|---|
| LEADER | 00861nam a2200217Ia 4500 | ||
|---|---|---|---|
| 001 | CTU_110772 | ||
| 008 | 210402s9999 xx 000 0 und d | ||
| 020 | |c 20000 | ||
| 082 | |a 959.703092 | ||
| 082 | |b Ph309 | ||
| 100 | |a Đào, Phiếu | ||
| 245 | 0 | |a Tổng Bí thư Hà Huy Tập : | |
| 245 | 0 | |b Cuộc đời và sự nghiệp | |
| 245 | 0 | |c Đào Phiếu | |
| 260 | |a Hà Nội | ||
| 260 | |b Chính trị Quốc gia | ||
| 260 | |c 2005 | ||
| 520 | |a Giới thiệu tiểu sử, sự nghiệp hoạt động cách mạng của tổng bí thư Hà Huy Tập qua những giai đoạn: 1906-1928, 1929-1936, 1936-1938 và từ lúc bị giam cầm đến hành quyết 1938-1941. | ||
| 650 | |a Communist parties | ||
| 904 | |i Giang | ||
| 980 | |a Trung tâm Học liệu Trường Đại học Cần Thơ | ||